000 00293nam a22001217a 4500
008 160503b xxu||||| |||| 00| 0 eng d
020 _a9780131999329
020 _a013199932
041 _aeng
080 _a61
245 _aAdministrativ medical assisting:
_cChristine Malone;
942 _2udc
_cBK
999 _c1726
_d1726